logo

Bir Sreshtho Munshi Abdur Rouf Library
Jhenaidah Cadet College

Folk Tales of East Pakistan / (Record no. 4034)

MARC details
000 -LEADER
fixed length control field 00621nam a2200241 a 4500
001 - CONTROL NUMBER
JCCL Control Number 4034
003 - CONTROL NUMBER IDENTIFIER
JCCL marc code BD-JhCC
005 - DATE AND TIME OF LATEST TRANSACTION
control field 20171129101122.0
008 - FIXED-LENGTH DATA ELEMENTS--GENERAL INFORMATION
fixed length control field 171122s1961 e a|||| ||a| 000 0 eng d
035 ## - SYSTEM CONTROL NUMBER
system control number (BD-JhCC)4034
040 ## - CATALOGING SOURCE
Original cataloging agency BD-JhCC
Modifying agency BD-JhCC
041 ## - LANGUAGE CODE
Language code of Book eng
082 ## - DEWEY DECIMAL CLASSIFICATION NUMBER
Classification number 398.21
Author mark and Year MIS 1961
100 ## - MAIN ENTRY--PERSONAL NAME
Personal name Miss, F A
245 ## - TITLE STATEMENT
Title Folk Tales of East Pakistan /
Statement of responsibility, etc Miss F A, Jasimuddin, Carvel Painter
260 ## - PUBLICATION, DISTRIBUTION, ETC. (IMPRINT)
Place of publication, distribution, etc London :
Name of publisher, distributor, etc Oxford University Press,
Date of publication, distribution, etc 1961
300 ## - PHYSICAL DESCRIPTION
Pagination 92 p. :
Dimensions 20 cm.
650 ## - SUBJECT ADDED ENTRY--TOPICAL TERM
Topical term or geographic name as entry element Folk Tales
700 ## - ADDED ENTRY--PERSONAL NAME
Personal name Painter, Carvel
700 ## - ADDED ENTRY--PERSONAL NAME
Personal name Jasimuddin
942 ## - ADDED ENTRY ELEMENTS (KOHA)
Source of classification or shelving scheme Dewey Decimal Classification
Koha item type Books
Holdings
Source of classification or shelving scheme Damaged status Not for loan Home library Current library Shelving location Date of accession Total Checkouts Full call number Barcode Date last seen Copy number Koha item type
Dewey Decimal Classification     JCC Rouf Library JCC Rouf Library General Stacks 11/22/2017   398.21 MIS 1961 5736 11/22/2017 C-1 Books
Dewey Decimal Classification     JCC Rouf Library JCC Rouf Library General Stacks 11/27/2017   398.21 MIS 1961 6036 11/27/2017 C- 2 Books
Dewey Decimal Classification     JCC Rouf Library JCC Rouf Library General Stacks 11/27/2017   398.21 MIS 1961 6037 11/27/2017 C- 3 Books
Dewey Decimal Classification     JCC Rouf Library JCC Rouf Library General Stacks 12/07/2017   398.21 MIS 1961 5910 12/07/2017 C-4 Books

JCC Library | Contacts | JCC Home

Last Update on 23 September 2017
Copyright @ 2017-2020 JCC Rouf Library
Rouf Library, Jhenidah Cadet College (JCC), Bangladesh